Cesta radosti Panny Márie

Bibliographic Details
Other Authors: Malý, Vincent, 1922-2008 (Compiler), Bebjak, Ľudovít, 1934-2009 (Illustrator)
Format: Book
Language:Slovak
PhysicalDescription:167 s., [7] s. fareb. obr. príl. ilustr., noty 15 cm
Published: Bratislava Lúč 2002
ISBN:807114391X
Edition:1. vyd.
Series:Slovom k Bohu
Subjects:

MARC

LEADER 00000cam a2200000 a 4500
001 vtls001453805
003 SK-MaSNL
005 20260301203207.0
008 240226s2002 xo ag g 000 0 slo
015 |a SNBA2004/02-01036 
020 |a 807114391X 
035 |a SNK000409112 
035 |a urn:nbn:sk:snk-am3hfew 
035 |a 2EB8D59D-D8C2-4814-B001-69EFC76C5B4C 
035 |a urn:nbn:sk:snk-am00cyex 
040 |a SNK  |b slo  |c SNK  |e AACR2 
041 0 |a slo 
044 |a xo  |c SK 
072 7 |a 27-4  |x Praktická teológia. Morálna teológia  |2 konspekt 
080 |a 27-312.47  |2 2. slo 
080 |a 27-312.47  |2 1981 
080 |a 27-312.47-5  |2 1981 
080 |a 27-534.35  |2 1981 
080 |a (035)  |2 1981 
245 0 0 |a Cesta radosti Panny Márie  |c zostavil Vincent Malý ; [ilustrácie Ľudovít Bebjak] 
250 |a 1. vyd. 
260 |a Bratislava  |b Lúč  |c 2002 
300 |a 167 s., [7] s. fareb. obr. príl.  |b ilustr., noty  |c 15 cm 
490 1 |a Slovom k Bohu 
504 |a Pozn. 
600 0 7 |a Mária,  |c matka Ježišova, svätá  |2 SNKMA  |9 157751 
650 0 7 |a mariánsky kult  |2 SNKPH  |9 1996 
650 0 7 |a katolícke modlitby  |2 SNKPH  |9 4273 
655 7 |a príručky  |2 SNK  |9 74364 
700 1 |a Malý, Vincent,  |d 1922-2008  |4 com  |9 102577 
700 1 |a Bebjak, Ľudovít,  |d 1934-2009  |4 ill  |9 89811 
830 0 |a Slovom k Bohu  |9 293280 
919 |a 80-7114-391-X 
958 |a NB 
958 |a NT 
968 |d 2 
999 |c 901707  |d 903637 
952 |t P60, <03>, [BOOK], {603}  |a SNK  |b SNK  |y PREZ  |7 0  |p 17A0384548  |o snkSE 10394  |i snkKSP 6241/2003  |0 0  |1 0  |4 0  |d 2003-05-22  |f 1  |l 0  |r 2005-01-02 00:00:00  |w 2026-02-24 
952 |t P60, <04>, [BOOK], {604}  |a SNK  |b SNK  |y VYP  |7 0  |p 17A0384547  |o snkSE 10394 D1  |i snkKSP 6242/2003  |0 0  |1 0  |4 0  |d 2003-05-22  |l 0  |r 2005-01-02 00:00:00  |w 2026-02-24